000 00940nam a2200289 i 4500
005 20200104041515.0
008 140224s1994 sz ||||| |||| 00| 0 eng d
020 _a2831702003
040 _aCO-BoIAVH
_cCO-BoIAVH
041 _aeng
044 _asz
082 0 4 _a333.9516
_bW63w
245 0 0 _aWidening perspectives on biodiversity /
_cAnatole F. Krattiger y (otros cinco editores).
260 _aGland :
_bUICN,
_c1994.
300 _a473 p.
650 1 4 _aDiversidad biológica
650 2 4 _aConservación biológica
650 2 4 _aPolítica ambiental
650 2 4 _aImpacto ambiental
700 1 _aKrattiger, Anatole F.,
_eeditor.
700 1 _aLesser, William H.,
_eeditor.
700 1 _aMiller, Kenton R.,
_eeditor.
700 1 _aHill, Yvonne St.,
_eeditor.
700 1 _aSenanayake, Ranil,
_eeditor.
700 1 _aMcNeely, Jeffrey A.
_eeditor.
942 _cLIBRO
_2ddc
999 _c880
_d880